Flight identification of European seabirds (Record no. 185169)

MARC details
000 -LEADER
fixed length control field 00576nam a2200193Ia 4500
008 - FIXED-LENGTH DATA ELEMENTS--GENERAL INFORMATION
fixed length control field 191130s2008##################000#0#eng##
020 ## - INTERNATIONAL STANDARD BOOK NUMBER
ISBN 9780713686166
082 ## - DEWEY DECIMAL CLASSIFICATION NUMBER
Classification number 577.731 HOL
100 ## - MAIN ENTRY--AUTHOR NAME
Personal name Blomdahl, Anders
245 ## - TITLE STATEMENT
Title Flight identification of European seabirds
Statement of responsibility, etc Anders Blomdahl; Bertil Breife; Niklas Holmstrom
260 ## - PUBLICATION, DISTRIBUTION, ETC. (IMPRINT)
Place of publication London
Name of publisher Christopher Helm
Year of publication 2008
300 ## - PHYSICAL DESCRIPTION
Number of Pages 374p
500 ## - GENERAL NOTE
General note Includes index
650 ## - SUBJECT ADDED ENTRY--TOPICAL TERM
Topical Term Field Identification- Seabirds
991 ## -
-- 245708
Holdings
Withdrawn status Lost status Damaged status Not for loan Home library Current library Shelving location Date acquired Full call number Accession Number Price effective from Koha item type
        Anna Centenary Library Anna Centenary Library 5TH FLOOR, A WING 13.10.2020 577.731 HOL 499788 13.10.2020 English Books

Find us on the map